Géographie des espaces ruraux (notice n° 2198388)
[ vue normale ]
| 000 -LEADER | |
|---|---|
| fixed length control field | 01338cam a2200145 4500500 |
| 005 - DATE AND TIME OF LATEST TRANSACTION | |
| control field | 20260405085537.0 |
| 041 ## - LANGUAGE CODE | |
| Language code of text/sound track or separate title | fre |
| 042 ## - AUTHENTICATION CODE | |
| Authentication code | dc |
| 100 10 - MAIN ENTRY--PERSONAL NAME | |
| Personal name | Gonin, Alexis |
| Relator term | author |
| 245 00 - TITLE STATEMENT | |
| Title | Géographie des espaces ruraux |
| 260 ## - PUBLICATION, DISTRIBUTION, ETC. | |
| Name of publisher, distributor, etc. | Armand Colin,<br/> |
| Date of publication, distribution, etc. | 2024.<br/> |
| 520 ## - SUMMARY, ETC. | |
| Summary, etc. | Dans un contexte d’urbanisation croissante, l’objectif de cet ouvrage est de comprendre la place des espaces ruraux dans le monde et les enjeux qu’ils représentent en termes de pratiques, de fonctions, de représentations, mais aussi en termes d’aménagement et de conflits d’usages. Il s’organise en trois temps forts :- INTRODUCTION : questions essentielles, objectifs de connaissance par chapitre, lectures indispensables et notions clés à maîtriser.- COURS : savoirs fondamentaux assortis d’exemples localisés, de définitions et de focus thématiques, d’une page d’entraînement et d’une étude de cas mobilisant des documents géographiques.- MÉTHODES : méthodologie détaillée de chaque type d’exercice, avec son application commentée.Tous les corrigés et les photographies en couleurs disponibles dans la rubrique « ressources numériques ». |
| 700 10 - ADDED ENTRY--PERSONAL NAME | |
| Personal name | Quéva, Christophe |
| Relator term | author |
| 856 41 - ELECTRONIC LOCATION AND ACCESS | |
| Uniform Resource Identifier | <a href="https://shs.cairn.info/geographie-des-espaces-ruraux--9782200637682?lang=fr&redirect-ssocas=7080">https://shs.cairn.info/geographie-des-espaces-ruraux--9782200637682?lang=fr&redirect-ssocas=7080</a> |
Pas d'exemplaire disponible.




Réseaux sociaux